Mathematics for the biological sciences (Record no. 253184)

MARC details
000 -LEADER
fixed length control field 00319nam a22001337a 4500
020 ## - INTERNATIONAL STANDARD BOOK NUMBER
International Standard Book Number 0-13-562439-8
041 ## - LANGUAGE CODE
Language code of text/sound track or separate title English
082 ## - DEWEY DECIMAL CLASSIFICATION NUMBER
Classification number 510
Item number JAG/MA
100 ## - MAIN ENTRY--PERSONAL NAME
Personal name Jagdish C.Arya
245 ## - TITLE STATEMENT
Title Mathematics for the biological sciences
260 ## - PUBLICATION, DISTRIBUTION, ETC. (IMPRINT)
Place of publication, distribution, etc. New Jersey
Name of publisher, distributor, etc. Prentice-Hall INC
Date of publication, distribution, etc. 1963
300 ## - PHYSICAL DESCRIPTION
Extent 709p.
942 ## - ADDED ENTRY ELEMENTS (KOHA)
Koha item type Books (General)
Holdings
Withdrawn status Lost status Damaged status Not for loan Home library Current library Date acquired Total Checkouts Full call number Barcode Date last seen Price effective from Koha item type
        College of Agriculture, Vellanikkara College of Agriculture, Vellanikkara 27/10/2021   510 JAG/MA KAU-COA-G-767 27/10/2021 27/10/2021 Books (General)
Kerala Agricultural University Central Library
Thrissur-(Dt.), Kerala Pin:- 680656, India
Ph : (+91)(487) 2372219
E-mail: librarian@kau.in
Website: http://library.kau.in/